<The> second-generation pension reforms in Latin America

Na minha lista:
Detalhes bibliográficos
Autor principal: Queisser, Monika
Autor Corporativo: OECD. Development Centre
Formato: Livro
Idioma:inglês
Publicado em: Paris OECD 1998
Colecção:Development Centre studies
Assuntos:
Tags: Adicionar Tag
Sem tags, seja o primeiro a adicionar uma tag!

MARC

LEADER 00000nam a2200000 4500
001 c120024
005 20221109094350.4
020 |a 92-64-16129-5 
041 0 |a eng 
044 |a FR 
245 1 0 |a <The> second-generation pension reforms in Latin America  |c by Monica Queisser 
264 1 |a Paris  |b OECD  |c 1998 
300 |a 143 s. 
490 1 |a Development Centre studies 
830 0 |a Development Centre studies 
610 2 0 |a poistenie dôchodkové 
610 2 0 |a reformy sociálne 
610 2 0 |a dôchodky 
610 2 0 |a dôchodky starobné 
610 2 0 |a OECD 
610 2 0 |a Južná Amerika 
100 1 |a Queisser, Monika 
710 2 |a OECD. Development Centre